000 00810nam a2200253Ia 4500
003 OSt
005 20220918171912.0
006 a|||||r|||| 00| 0
007 ta
008 220917b |||||||| |||| 00| 0 eng d
020 _a9788184570885 (hbk)
_c650
024 _a237,823
037 _b1349, 16/01/2009, Kanishka Publishers Distributors
_cTextual
040 _aARTS
_cARTS
_beng
041 _2eng
_aeng
082 _aY11:4512.2, P8
100 _aWilliam A.Thomas
_939311
245 0 _aChild trafficking
_b An unconscious phenomenon
260 _aNew Delhi
_bKanishka Publishers India
_c2008
300 _axi,242p.
_ccm.
650 _aSOCIOLOGY
942 _hY11:4512.2, P8
_cTEXL
_2CC
999 _c141827
_d141827